000
00197 a2200109 4500
020
_a
9780060832810
041
_a
eng
100
_a
coelho,paulo
245
_a
the zahir
942
_c
BK
952
_7
1
999
_c
19061
_d
19061